1503 1289 1855 1717 1729 1570 1140 1484 1853 1059 1310 1059 1633 1819 1481 1728 1476 1444 1529 1665 1501 1755 1425 1738 1867 1977 1045 1270 1959 1787 1041 1423 1531 1849 1029 1318 1749 1171 1311 1450 1706 1356 1463 1428 1716 1861 1730 1275 1151 1321 1637 1710 1712 1559 1790 1202 1436 1246 1185 1319 1890 1659 1463 1881 1057 1794 1842 1080 1385 1577 1649 1670 1338 1983 1590 1423 1482 1098 1016 1559 1180 1769 1857 1575 1488 1416 1932 1220 1001 1792 1506 1069 1298 1933 1147 1388 1845 1349 1005 BCNSPRNW ULIB Ver.6.0+V

เปลี่ยนเป็นภาษาไทย

Change to English
 แสดงรายละเอียดบรรณานุกรม
  กลับหน้าหลัก

Brief Record : Get Marc (ISO 2709) : E-mail record : QR code < ปิดหน้าต่าง
LEADER : 00000nam 2200000uu 4500
001    13399109714
003     ULIB
008    110410s2547||||th 000 0 tha d
060 04 WC3^bส693ด 2547
245 00 รายงานการสังเคราะห์องค์ความรู้จากการประชุมนานาชาติเรื่องโรคเอดส์ครั้งที่ 15 :^bด้านการดูแลและรักษา /^cประพันธ์ ภานุภาค ... [และคณะ] ; จัดทำโดย สำนักโรคเอดส์ วัณโรค และโรคติดต่อทางเพศสัมพันธ์ กรมควบคุมโรค กระทรวงสาธารณสุข
246 30 การสังเคราะห์องค์ความรู้จากการประชุมนานาชาชาติเรื่องโรคเอดส์ครั้งที่ 15 :^bด้านการดูแลและรักษา
250    พิมพ์ครั้งที่ 1
260    นนทบุรี :^bสำนัก,^c2547
300    ก-ค, 75 หน้า ;^c30 ซม.
650  7 กลุ่มอาการภูมิคุ้มกันเสื่อม^xการรักษา
650  7 โรคเอดส์^xการรักษา
700 0  ประพันธ์ ภานุภาค
710 2  กรมควบคุมโรค. ^bสำนักโรคเอดส์ วัณโรคและโรคติดต่อทางเพศสัมพันธ์
711 2  การประชุมนานาชาติเรื่องโรคเอดส์^n(ครั้งที่ 15 :^d2547 :^cนนทบุรี)
945    ^p0^l0^i016694
995    ทศพร
999 ^a ใช้งานได้ทุกระบบ
รายการนี้ยังไม่มีแท็ก
คุณยังไม่ได้ล็อกอิน คุณสามารถมีกิจกรรมร่วมกับเว็บไซต์ได้ แต่ต้องล็อกอินก่อน ::
  ล็อกอิน

รายการสื่อสารสนเทศ

ลำดับที่ ประเภท เลขเรียก/บาร์โค้ด สถานที่ สถานะ
- ไม่พบข้อมูล -

BibComment


ยังไม่เคยถูกคอมเมนท์

คอมเมนท์ทรัพยากรรายการนี้
  คอมเมนท์: รายงานการสังเคราะ..


 Copyright 2026. Bcnsprnw @Library